Statystyki dla Azja - wybór państw i ich stolic

Kliknij tutaj aby rozwiązać quiz!

Ogólne statystyki

  • Ten quiz został rozwiązany 17 razy
  • Średni wynik to 26 z 36

Statystyki odpowiedzi

Odpowiedź% Poprawnych
Rosja - Moskwa
100%
Filipiny - Manila
93%
Japonia - Tokio
93%
Irak - Bagdad
86%
Izrael - Jerozolima
86%
Korea Północna - Pjongjang
86%
Korea Południowa - Seul
86%
Kuwejt - Kuwejt
86%
Mongolia - Ułan Bator
86%
Singapur - Singapur
86%
Syria - Damaszek
86%
Tajlandia - Bangkok
86%
Turcja - Ankara
86%
Afganistan - Kabul
79%
Arabia Saudyjska - Rijad
79%
Armenia - Erywań
79%
Azerbejdżan - Baku
79%
Gruzja - Tbilisi
79%
Indonezja - Dżakarta
79%
Iran - Teheran
79%
Katar - Doha/Ad-Dauha
79%
Indie - Nowe Delhi
71%
Kazachstan - Astana
71%
Malezja - Kuala Lumpur
71%
Pakistan - Islamabad
71%
Wietnam - Hanoi
71%
Zjednoczone Emiraty Arabskie - Abu Zabi
71%
Bangladesz - Dhaka
64%
Liban - Bejrut
64%
Nepal - Katmandu
57%
Jordania - Amman
50%
Jemen - Sana
43%
Kambodża - Phnom Penh
43%
Oman - Maskat
36%
Uzbekistan - Taszkient
36%
Chińska Republika Ludowa - Pekin
29%

Rozkład punktacji

Percentyl według liczby udzielonych odpowiedzi

Procent ludzi z każdym wynikiem

Twoja historia wyników

Nie rozwiązałeś tego quizu